| 000 | 00775nam a2200277 4500 | ||
|---|---|---|---|
| 001 | 1988 | ||
| 010 | _a9789722548854 | ||
| 021 |
_aPT _b545514/25 |
||
| 090 | _a1988 | ||
| 100 | _a20251120d2025 m||y0pory50030103ba | ||
| 101 | _apor | ||
| 102 | _aPT | ||
| 200 | 1 |
_aSem tréguas _fStephen King _gtrad. Rui Azeredo, José Remelhe |
|
| 205 | _a1ª edição | ||
| 210 |
_aLisboa _cBertrand _d2025 |
||
| 215 |
_a471, [1] p. _d24 cm |
||
| 300 | _aBMB-Registado | ||
| 304 | _aTít. orig.: Never flinch | ||
| 606 |
_9795 _aLiteratura Americana |
||
| 606 |
_9778 _aRomance Policial |
||
| 675 |
_a821.111(73)-312.4 _vBMB _zpor |
||
| 700 |
_aKing _bStephen _f1947- _91862 |
||
| 702 |
_aAzeredo _bRui _4730 _9978 |
||
| 702 |
_aRemelhe _bJosé _f1972- _4730 _91786 |
||
| 801 |
_aPT _bBMB _gRPC |
||
| 990 | _cLIVROS | ||